000 01096nam a2200229Ia 4500
003 Ost
005 20260507075652.0
008 260507s9999||||xx |||||||||||||| ||und||
020 _a2043329957
040 _cfsecg
041 _aara
082 _a657.9
100 _aالحارس، أسامة
_eمؤلف
245 0 _aمحاسبة الشركات /
_c أسامة الحارس
260 _aعمان:
_bدار الحامد للنشر والتوزيع,
_c2004
300 _a296 صفحة؛
_bإيضاحات ؛
_c24 سم
520 _aالتعريف بالشركات المساهمة العامة- مصاريف التأسيس في الشركة المساهمة العامة الأردنية- رأس مال الشركة المساهمة العامة- السندات- سياسات توزيع الارباح في الشركات المساهمة- شركات الاشخاص- محاسبة تصفية الشركات
653 _aالمحاسبة- الشركات
653 _aمحاسبة الشركات
700 _aأبو جاموس، فوز الدين
_eمؤلف ثانوي
942 _cكتاب
999 _c45615
_d45615